| 000 | 00937cam a2200253 i 4500 | ||
|---|---|---|---|
| 001 | 4663596 | ||
| 005 | 19850531000000.0 | ||
| 008 | 801006s1981 nyua b 001 0 eng | ||
| 010 | _a 80025292 | ||
| 020 | _a0444003703 | ||
| 040 |
_aDLC _cDLC _dDLC |
||
| 050 | 0 | 0 |
_aHB171.1 _b.S54 1981 |
| 100 | 1 | _aSher, William T. | |
| 245 | 1 | 0 |
_aMicroeconomic theory : _ba synthesis of classical theory and the modern approach _cWilliam Sher, Rudy Pinola. |
| 260 |
_aNew York : _bNorth Holland, _cc1981. |
||
| 300 |
_axvi, 752 p. : _bill. ; _c26 cm. |
||
| 500 | _aIncludes index. | ||
| 504 | _aBibliography: p. [741]-743. | ||
| 650 | 0 | _aMicroeconomics. | |
| 700 | 1 |
_aPinola, Rudy, _d1922- _ejoint author. |
|
| 906 |
_a7 _bcbc _corignew _du _eocip _f19 _gy-gencatlg |
||
| 942 |
_2lcc _cBK |
||
| 999 |
_c11908 _d11908 |
||